| 000 | 00973nam a22002651u 4500 | ||
|---|---|---|---|
| 001 | 05090 | ||
| 003 | HDC | ||
| 007 | cr bn ---aaaaa | ||
| 008 | 210118p9999 o d 00 mayg | ||
| 040 | _aHDC | ||
| 100 |
_aNorlaila Abu Bakar _eauthor _95317 |
||
| 245 | 0 |
_aKEUPAYAAN MENGEKSPORT PRODUK MAKANAN HALAL DI KALANGAN PENGUSAHA PKS DI MALAYSIA / Oleh _cNorlaila Abu Bakar dan Nor Aini Haji Idris |
|
| 260 |
_a[no place] : _b[publisher not identified], _c[no year] |
||
| 300 | _a 1 online resource (13 pages) | ||
| 336 |
_atext _2rdacontent |
||
| 337 |
_acomputer _2rdamedia |
||
| 338 |
_aonline resource _2rdacarrier |
||
| 650 |
_aHalal food _950 |
||
| 650 |
_aHalal product _948 |
||
| 700 |
_aNor Aini Haji Idris _eauthor _94877 |
||
| 856 | _zRequest full-text at [email protected] | ||
| 942 | _2lcc | ||
| 942 | _cAR | ||
| 942 | _kJART 001297 | ||
| 999 |
_c2414 _d2414 |
||